[Event "op Bad Woerishofen"]
[Site "?"]
[Date "1998.??.??"]
[Round "7"]
[White "Ortega, L."]
[Black "Baklan, V."]
[Result "0-1"]
[WhiteElo "2475"]
[BlackElo "2540"]
[PlyCount "64"]
[EventDate "1998.??.??"]

1. d4 Nf6 2. Nf3 c5 3. e3 g6 4. c3 b6 5. Nbd2 Bb7 6. a4 Nc6 7. Nc4 Bg7 8. a5
O-O 9. Be2 d5 10. a6 Bc8 11. Nce5 Nb8 12. Qa4 Qc7 13. Bb5 Ne4 14. O-O f6 15.
Nc6 Nd6 16. Nxb8 Rxb8 17. c4 Nxb5 18. Qxb5 Be6 19. cxd5 Bxd5 20. Bd2 Rfd8 21.
Rfc1 Qd7 22. Qxd7 Rxd7 23. Bc3 cxd4 24. Nxd4 e5 25. Nc2 Bb3 26. Nb4 Bf8 27. Kf1
Rc8 28. Ke1 Kf7 29. e4 Rc4 30. Nd5 Rxe4+ 31. Ne3 Bc5 32. Bd2 f5 {ZUe} 0-1

[Event "op Bad Woerishofen"]
[Site "?"]
[Date "1998.??.??"]
[Round "7"]
[White "Foisor, C."]
[Black "Gabriel, C."]
[Result "0-1"]
[WhiteElo "2410"]
[BlackElo "2555"]
[PlyCount "122"]
[EventDate "1998.??.??"]

1. c4 Nf6 2. Nf3 c6 3. Nc3 d5 4. e3 e6 5. Qc2 Nbd7 6. d4 Bd6 7. Be2 O-O 8. O-O
Re8 9. Rd1 Qe7 10. h3 h6 11. b3 dxc4 12. bxc4 e5 13. c5 Bc7 14. a4 exd4 15.
exd4 Nf8 16. a5 a6 17. Bf1 Be6 18. Bd2 Rad8 19. Ra3 Bb8 20. Na4 Bd5 21. Qb2 Ne6
22. Bb4 Be4 23. Nb6 Nd5 24. Re1 Bxf3 25. Rxf3 Nxb4 26. Qxb4 Rxd4 27. Bc4 Red8
28. g3 Qxc5 29. Qxc5 Nxc5 30. Bxf7+ Kh7 31. Kg2 Re4 32. Rxe4 Nxe4 33. h4 Nd6
34. h5 Bc7 35. Bg6+ Kg8 36. Re3 Bxb6 37. axb6 Nc8 38. g4 Nd6 39. Kg3 Kf8 40. f4
Nf7 41. Re6 a5 42. Re3 Nd6 43. g5 Nc4 44. Re1 a4 45. Re4 Nxb6 46. Rb4 a3 47.
Bb1 Nd5 48. Rxb7 Nc3 49. Bg6 Ra8 50. Rf7+ Kg8 51. Rd7 Nd5 52. Bb1 a2 53. Bxa2
Rxa2 54. Rd6 Ne7 55. Kg4 c5 56. gxh6 gxh6 57. Rxh6 c4 58. Re6 Ra7 59. f5 c3 60.
Re5 Rc7 61. f6 Nd5 0-1

[Event "op Bad Woerishofen"]
[Site "?"]
[Date "1998.??.??"]
[Round "7"]
[White "Kupreichik, V."]
[Black "Espig, L."]
[Result "0-1"]
[WhiteElo "2505"]
[BlackElo "2405"]
[PlyCount "60"]
[EventDate "1998.??.??"]

1. e4 c5 2. Nf3 e6 3. Nc3 d6 4. d4 cxd4 5. Nxd4 Nf6 6. g4 a6 7. g5 Nfd7 8. Be3
b5 9. Bg2 Bb7 10. O-O Nb6 11. Qg4 Nc4 12. Bc1 Nc6 13. Nxc6 Bxc6 14. b3 Nb6 15.
Bb2 Rc8 16. Rad1 Nd7 17. f4 Be7 18. Nd5 exd5 19. exd5 Bb7 20. Bxg7 Rg8 21. Bd4
Rxc2 22. Be4 Rxa2 23. Bxh7 Bxd5 24. Bxg8 Rg2+ 25. Qxg2 Bxg2 26. Kxg2 Qa8+ 27.
Kg3 Qe4 28. f5 Bxg5 29. Rg1 Kf8 30. Bh7 Nf6 0-1

[Event "op Bad Woerishofen"]
[Site "?"]
[Date "1998.??.??"]
[Round "7"]
[White "Wells, P."]
[Black "Vogel, R."]
[Result "1-0"]
[WhiteElo "2530"]
[BlackElo "2275"]
[PlyCount "97"]
[EventDate "1998.??.??"]

1. d4 Nf6 2. c4 g6 3. Nc3 d5 4. cxd5 Nxd5 5. e4 Nxc3 6. bxc3 Bg7 7. Nf3 c5 8.
Rb1 O-O 9. Be2 cxd4 10. cxd4 Qa5+ 11. Bd2 Qxa2 12. O-O Bg4 13. Be3 Nc6 14. Rxb7
Rfb8 15. Rxb8+ Rxb8 16. h3 Bxf3 17. Bxf3 e5 18. d5 Nd4 19. Qa1 Qxa1 20. Rxa1
Rb7 21. Bd1 f5 22. Ba4 fxe4 23. Bc6 Rc7 24. Ra6 Bf8 25. Ba4 Nf5 26. Bxa7 Bc5
27. Bxc5 Rxc5 28. Rc6 Ra5 29. d6 Rxa4 30. d7 Ra1+ 31. Kh2 Rd1 32. Rc8+ Kf7 33.
d8=Q Rxd8 34. Rxd8 e3 35. fxe3 Nxe3 36. Rd7+ Ke6 37. Rxh7 Nf5 38. g4 Nd4 39.
Kg3 Ne2+ 40. Kf3 Nc3 41. Ra7 g5 42. Ra5 Kd6 43. Ke3 Nd1+ 44. Ke4 Nf2+ 45. Kf5
Nd3 46. Kxg5 Ke6 47. Ra6+ Kd5 48. Kf5 e4 49. Ra5+ 1-0

[Event "op Bad Woerishofen"]
[Site "?"]
[Date "1998.??.??"]
[Round "8"]
[White "Dautov, R."]
[Black "Wojtkiewicz, A."]
[Result "1-0"]
[WhiteElo "2600"]
[BlackElo "2535"]
[PlyCount "123"]
[EventDate "1998.??.??"]

1. d4 g6 2. Nf3 Bg7 3. c4 Nf6 4. Nc3 O-O 5. e4 c6 6. Bd3 d6 7. O-O Bg4 8. Be3
Nfd7 9. Be2 c5 10. d5 Na6 11. Qd2 Qa5 12. a3 Nc7 13. Rfb1 Qa6 14. Kh1 Rae8 15.
b3 e6 16. dxe6 fxe6 17. Ra2 Qc6 18. Rd1 Bxf3 19. Bxf3 Ne5 20. Be2 Nf7 21. f4
Bh6 22. Bf3 e5 23. f5 Bxe3 24. Qxe3 a6 25. Nd5 Nxd5 26. Rxd5 b5 27. Be2 Kg7 28.
Rad2 Rd8 29. Qg3 Nh6 30. h4 Ng8 31. h5 Nf6 32. hxg6 Nxe4 33. Qh4 Nf6 34. gxh7
Kh8 35. R5d3 Rd7 36. Rh3 Rg7 37. Bf1 Ne4 38. Rd5 Nf6 39. Rdd3 bxc4 40. bxc4 Qc7
41. Kg1 Qe7 42. Rdg3 Rxh7 43. Qg5 Rff7 44. Rxh7+ Rxh7 45. Be2 Rg7 46. Rh3+ Kg8
47. Qh6 Rh7 48. Rg3+ Kh8 49. Qe3 Rg7 50. Rh3+ Rh7 51. Rg3 Rg7 52. Qh6+ Rh7 53.
Qg5 Rg7 54. Rh3+ Kg8 55. Qd2 e4 56. Qf4 Qd8 57. Rh6 Kf7 58. Qh4 Rg8 59. Bh5+
Nxh5 60. Qxh5+ Ke7 61. f6+ Kd7 62. Rh7+ 1-0

[Event "op Bad Woerishofen"]
[Site "?"]
[Date "1998.??.??"]
[Round "8"]
[White "Eingorn, V."]
[Black "Gutman, L."]
[Result "0-1"]
[WhiteElo "2605"]
[BlackElo "2475"]
[PlyCount "56"]
[EventDate "1998.??.??"]

1. c4 Nf6 2. Nc3 g6 3. e4 Bg7 4. d4 O-O 5. Bg5 c6 6. f3 d5 7. e5 Nfd7 8. f4 f6
9. Bh4 fxe5 10. fxe5 c5 11. Nf3 Nc6 12. cxd5 Nxd4 13. d6 Rxf3 14. Bc4+ Kh8 15.
gxf3 Nxe5 16. Bd5 Qxd6 17. O-O Bf5 18. Bg3 Rd8 19. Be4 Qb6 20. Bxe5 Bxe5 21.
Rf2 Ne6 22. Rd2 Bd4+ 23. Kh1 Nf4 24. Qb3 Qf6 25. Ne2 Bh3 26. Nxd4 Rxd4 27. Rf2
b6 28. Qe3 Qg5 0-1

[Event "op Bad Woerishofen"]
[Site "?"]
[Date "1998.??.??"]
[Round "8"]
[White "Gabriel, C."]
[Black "Wilhelmi, C."]
[Result "1/2-1/2"]
[WhiteElo "2555"]
[BlackElo "2445"]
[PlyCount "93"]
[EventDate "1998.??.??"]

1. c4 c5 2. Nf3 Nc6 3. Nc3 g6 4. e3 Bg7 5. d4 d6 6. d5 Ne5 7. Nxe5 Bxe5 8. Qc2
Bg7 9. Be2 Nf6 10. O-O O-O 11. e4 e6 12. dxe6 Bxe6 13. Bg5 h6 14. Bh4 g5 15.
Bg3 Ne8 16. Rad1 Qe7 17. f4 gxf4 18. Bxf4 Be5 19. Qc1 Kh7 20. Kh1 Rg8 21. Nd5
Qh4 22. Bd3 Rg6 23. Qe3 Ng7 24. g3 Qh3 25. Ne7 Rg4 26. Be2 Rxf4 27. Rxf4 Bxf4
28. Qxf4 Re8 29. Nd5 Bxd5 30. Rxd5 f5 31. Bf1 Qg4 32. Qxg4 fxg4 33. Rxd6 Re7
34. Be2 h5 35. Kg1 Ne6 36. Rd5 Kg6 37. Re5 b6 38. a3 Kf6 39. Rf5+ Kg6 40. Bd3
Nd4 41. Rd5 Nf3+ 42. Kf2 Nxh2 43. e5+ Kg7 44. Be4 Nf3 45. Bxf3 Rf7 46. Ke3
Rxf3+ 47. Ke2 1/2-1/2

[Event "op Bad Woerishofen"]
[Site "?"]
[Date "1998.??.??"]
[Round "8"]
[White "Foisor, O."]
[Black "Kalinitschew, S."]
[Result "1-0"]
[WhiteElo "2445"]
[BlackElo "2495"]
[PlyCount "113"]
[EventDate "1998.??.??"]

1. c4 e5 2. g3 g6 3. Bg2 Bg7 4. Nc3 f5 5. d3 d6 6. Rb1 a5 7. e3 Nf6 8. Nge2 Na6
9. b3 c6 10. Bb2 O-O 11. Qd2 Bd7 12. O-O Rc8 13. d4 e4 14. d5 c5 15. Nb5 Bxb5
16. cxb5 Nc7 17. Nf4 b6 18. f3 exf3 19. Bxf3 Qe7 20. Ne6 Nxe6 21. Bxf6 Bxf6 22.
dxe6 Be5 23. Bd5 Rf6 24. Rf3 Rcf8 25. Rbf1 Kg7 26. Kg2 h5 27. h4 Qe8 28. a4 Qe7
29. R1f2 Kh7 30. Rf1 Qg7 31. e4 fxe4 32. Bxe4 Rxf3 33. Rxf3 Rxf3 34. Bxf3 Qf6
35. Bd5 Kg7 36. Qf2 Qxf2+ 37. Kxf2 Kf6 38. Kf3 Bc3 39. Bc4 Be1 40. Kf4 Ke7 41.
Kf3 Kf6 42. Ke4 Bxg3 43. Kd5 Ke7 44. Kc6 Bf2 45. Kxb6 d5 46. Bxd5 c4+ 47. Kxa5
c3 48. Be4 Bxh4 49. b6 g5 50. Kb5 g4 51. a5 Bf2 52. a6 g3 53. a7 g2 54. Bxg2 c2
55. a8=Q c1=Q 56. Qb7+ Kxe6 57. Qd5+ 1-0

[Event "op Bad Woerishofen"]
[Site "?"]
[Date "1998.??.??"]
[Round "8"]
[White "Timoshchenko, G."]
[Black "Nikolac, J."]
[Result "1-0"]
[WhiteElo "2520"]
[BlackElo "2435"]
[PlyCount "53"]
[EventDate "1998.??.??"]

1. Nf3 Nf6 2. c4 e6 3. Nc3 Bb4 4. Qc2 d5 5. a3 Bxc3 6. Qxc3 O-O 7. b4 a5 8. Bb2
Nbd7 9. cxd5 exd5 10. Rc1 axb4 11. axb4 c6 12. e3 Nb6 13. Qd4 Bf5 14. d3 Ra2
15. Be2 Na8 16. Ra1 Rxa1+ 17. Bxa1 Nc7 18. Qf4 Bg6 19. Bxf6 gxf6 20. h4 Ne6 21.
Qh6 Qe7 22. O-O Ra8 23. h5 Qxb4 24. hxg6 hxg6 25. d4 Qc3 26. g4 Ra2 27. Kg2 1-0

[Event "op Bad Woerishofen"]
[Site "?"]
[Date "1998.??.??"]
[Round "8"]
[White "Miezis, N."]
[Black "Gasthofer, V."]
[Result "1-0"]
[WhiteElo "2505"]
[BlackElo "2360"]
[PlyCount "87"]
[EventDate "1998.??.??"]

1. c4 e6 2. e4 d5 3. exd5 exd5 4. d4 Nf6 5. Nc3 Be7 6. Nf3 O-O 7. Bd3 dxc4 8.
Bxc4 Nbd7 9. O-O Nb6 10. Bb3 Bg4 11. h3 Bh5 12. Re1 Re8 13. Bg5 c6 14. Re5 Bg6
15. Qe2 Bd6 16. Bxf6 gxf6 17. Rxe8+ Qxe8 18. Qd2 Qd7 19. Nh4 Re8 20. Rd1 Bc7
21. Qh6 Nd5 22. Bxd5 cxd5 23. Qc1 Re7 24. Re1 Rxe1+ 25. Qxe1 Qe6 26. Qe3 f5 27.
Nf3 f4 28. Qe1 Bd3 29. Qd1 Bc4 30. b3 Ba6 31. Ng5 Qf5 32. Qg4 Qxg4 33. hxg4 Bb6
34. Nf3 Bd3 35. Nxd5 Bd8 36. Nxf4 Bb1 37. a3 a5 38. b4 a4 39. Nd5 Ba2 40. Nc3
Bb3 41. Kf1 Bc7 42. Nd2 Bc2 43. Ke2 Kg7 44. g3 1-0

[Event "op Bad Woerishofen"]
[Site "?"]
[Date "1998.??.??"]
[Round "8"]
[White "Paehtz, T."]
[Black "Vatter, HJ."]
[Result "1/2-1/2"]
[WhiteElo "2470"]
[BlackElo "2290"]
[PlyCount "68"]
[EventDate "1998.??.??"]

1. e4 c5 2. Nf3 e6 3. d4 cxd4 4. Nxd4 a6 5. Bd3 Bc5 6. Nb3 Ba7 7. Nc3 Nc6 8.
Qe2 d6 9. Be3 Nf6 10. O-O-O b5 11. g4 b4 12. Na4 Bxe3+ 13. Qxe3 Nxg4 14. Qg3
Nf6 15. Nb6 Qxb6 16. Qxg7 Rg8 17. Qxf6 Qd8 18. Qxd8+ Kxd8 19. Rhg1 Rh8 20. f4
Ke7 21. Rg3 Bb7 22. Rdg1 a5 23. Kd2 a4 24. Nc1 Nb8 25. Ne2 h6 26. c3 bxc3+ 27.
Nxc3 Bc6 28. Rg8 Nd7 29. Rxh8 Rxh8 30. Bc2 Rb8 31. Kc1 Nc5 32. a3 Ra8 33. Rg3
Kf6 34. Rh3 Rg8 1/2-1/2

[Event "op Bad Woerishofen sen"]
[Site "?"]
[Date "1998.??.??"]
[Round "8"]
[White "Oldach, E."]
[Black "Camilleri, H."]
[Result "1-0"]
[WhiteElo "2050"]
[BlackElo "2170"]
[PlyCount "63"]
[EventDate "1998.??.??"]

1. e4 e6 2. d4 d5 3. Nc3 Bb4 4. e5 c5 5. a3 Ba5 6. b4 cxd4 7. Qg4 Ne7 8. bxa5
dxc3 9. Qxg7 Rg8 10. Qxh7 Nbc6 11. f4 Qxa5 12. Nf3 Bd7 13. Ng5 Rxg5 14. fxg5
O-O-O 15. Qxf7 d4 16. Be2 Qxe5 17. Qf4 Qc5 18. O-O Ng6 19. Qg3 Nce5 20. Bd3 Bc6
21. a4 Nxd3 22. Qxd3 Nh4 23. Rf2 Kb8 24. Qg3+ e5 25. Qxh4 e4 26. g6 Re8 27. Ba3
Qd5 28. g7 d3 29. Qg3+ Ka8 30. Qe3 Bxa4 31. cxd3 exd3 32. Rf8 1-0

[Event "op  Bad Woerishofen"]
[Site "?"]
[Date "1998.??.??"]
[Round "9"]
[White "Wilhelmi, C."]
[Black "Miezis, N."]
[Result "1-0"]
[WhiteElo "2445"]
[BlackElo "2505"]
[PlyCount "83"]
[EventDate "1998.??.??"]

1. c4 c5 2. Nc3 Nc6 3. g3 g6 4. Bg2 Bg7 5. e3 e5 6. Nge2 Nge7 7. O-O O-O 8. a3
a5 9. b3 d6 10. Bb2 f5 11. Nd5 Rb8 12. Qc2 Kh8 13. f4 Bd7 14. Nec3 Nxd5 15.
Nxd5 b5 16. Rab1 g5 17. Ba1 b4 18. axb4 Nxb4 19. Nxb4 axb4 20. Bb2 Qe7 21. Ra1
gxf4 22. gxf4 Bf6 23. Kh1 Rg8 24. Bd5 Rg4 25. Ra7 Rf8 26. Qd1 Qe8 27. Qf3 Rg6
28. Rfa1 exf4 29. Bxf6+ Rgxf6 30. exf4 Be6 31. Bc6 Qg6 32. Rg1 Qh6 33. Qe3 Rg8
34. Rxg8+ Bxg8 35. Qg1 Rf7 36. Bd5 Rg7 37. Qa1 Qg6 38. Ra8 h6 39. Rxg8+ Kh7 40.
Rxg7+ Qxg7 41. Qxg7+ Kxg7 42. Kg2 1-0

[Event "op  Bad Woerishofen"]
[Site "?"]
[Date "1998.??.??"]
[Round "9"]
[White "Kalinitschew, S."]
[Black "Heinig, W."]
[Result "1-0"]
[WhiteElo "2495"]
[BlackElo "2305"]
[PlyCount "27"]
[EventDate "1998.??.??"]

1. d4 Nf6 2. Nf3 g6 3. g3 Bg7 4. Bg2 O-O 5. O-O d6 6. h3 Nbd7 7. d5 e5 8. dxe6
fxe6 9. c4 Kh8 10. Nc3 Nb6 11. b3 d5 12. Ba3 Rg8 13. Ne5 Qe8 14. Nb5 1-0

[Event "op  Bad Woerishofen"]
[Site "?"]
[Date "1998.??.??"]
[Round "9"]
[White "Ortega, L."]
[Black "Erenska_Radzewska, H."]
[Result "1-0"]
[WhiteElo "2475"]
[BlackElo "2225"]
[PlyCount "113"]
[EventDate "1998.??.??"]

1. d4 Nf6 2. Nf3 d6 3. c4 c6 4. g3 Nbd7 5. Nc3 e5 6. Qc2 Be7 7. Bg2 exd4 8.
Nxd4 Nb6 9. b3 d5 10. cxd5 Nbxd5 11. Nxd5 cxd5 12. O-O O-O 13. Bb2 Be6 14. Rac1
Rc8 15. Qd3 Qd7 16. Nxe6 fxe6 17. e4 dxe4 18. Bxe4 Qxd3 19. Bxd3 Kf7 20. Bc4 a6
21. Rfe1 Rc6 22. Rxe6 Rxe6 23. Re1 Rd8 24. Bxe6+ Kf8 25. Re2 b5 26. Kg2 g6 27.
Bc1 a5 28. Bh6+ Ke8 29. Re5 Rd6 30. a4 bxa4 31. bxa4 Kd8 32. h3 Ra6 33. Bc4 Rc6
34. Bf7 Bb4 35. Bg5 Kc7 36. Bf4 Kd7 37. Rb5 Rc2 38. Rb7+ Kc8 39. Rb8+ Kd7 40.
Bb3 Rb2 41. Bc4 Ne4 42. Bb5+ Ke6 43. Be3 Nd6 44. Rb6 Ke7 45. Bg5+ Kf7 46. Bd3
Ke8 47. Bf4 Nf5 48. Rb8+ Kd7 49. Rb7+ Kc6 50. Be4+ Kc5 51. Rxh7 Be1 52. Rc7+
Kd4 53. Rc2 Rb4 54. Re2 Bc3 55. Bxf5 gxf5 56. Be5+ Kc4 57. Rc2 1-0